Statistics for Singapore Airport (SIN) Destinations

Click here to take the quiz!

General Stats

  • This quiz has been taken 1,100 times
    (857 since last reset)
  • The average score is 73 of 158

Answer Stats

HintAnswer% Correct
AirAsia, Jetstar Asia, Malaysia Air, Malindo Air, Scoot, SilkAir, Singapore Air, Uzbekistan AirwaysKuala Lumpur
92%
FireflyKuala Lumpur-Subang
92%
Batik Air, Garuda Indonesia, Indonesia AirAsia, Jetstar Asia, Lion Air, Scoot, Singapore AirJakarta
91%
ANA, Delta, JAL, Scoot, Singapore AirTokyo-Narita
91%
Scoot, Siam Air, Thai AirAsia, Thai Lion AirBangkok-Don Mueang
90%
Cathay Pacific, Jetstar Asia, Scoot, Singapore Air, Thai AirwaysBangkok-Suvarnabhumi
90%
Air China, Singapore AirBeijing-Capital
90%
British Airways, Qantas, Singapore AirLondon-Heathrow
90%
ANA, JAL, Singapore AirTokyo-Haneda
90%
Norwegian Air ShuttleLondon-Gatwick
89%
China Eastern, Singapore Air, Spring AirShanghai-Pudong
88%
Air France, Singapore AirParis-Charles de Gaulle
87%
Emirates, Singapore AirDubai
86%
Asiana, Korean Air, Scoot, Singapore AirSeoul-Incheon
86%
British Airways, Qantas, Scoot, Singapore AirSydney
86%
Cathay Pacific, Jetstar Asia, Scoot, Singapore AirHong Kong
84%
Emirates, Jetstar, Qantas, Scoot, Singapore AirMelbourne
83%
Air India, Jet Airways, Singapore AirMumbai
83%
Cebu Pacific, Jetstar Asia, Philippine Air, Singapore AirManila
82%
Singapore AirNew York-JFK
81%
Jetstar Asia, Scoot, Singapore AirOsaka-Kansai
81%
Jetstar, Qantas, Scoot, Singapore AirPerth
81%
Air India, Air India Express, Jet Airways, Singapore AirDelhi
80%
Scoot, SilkAir, Singapore Air, Vietnam Air, VietJet AirHanoi
80%
Singapore Air, UnitedLos Angeles
80%
China Airlines, EVA Air, Jetstar Asia, Scoot, Singapore AirTaipei-Taoyuan
78%
Etihad AirwaysAbu Dhabi
77%
Air New Zealand, Singapore AirAuckland
77%
Lufthansa, Singapore AirFrankfurt
74%
China Southern, Scoot, Shenzhen Air, Singapore Air, Spring AirGuangzhou
74%
Singapore Air, UnitedSan Francisco
74%
Singapore AirMoscow-Domodedovo
73%
Qatar AirDoha
71%
Singapore Air, Turkish AirIstanbul-Ataturk
71%
Garuda Indonesia, KLM, Singapore AirAmsterdam
70%
Singapore AirRome-Fiumicino
70%
Emirates, Qantas, Singapore AirBrisbane
69%
FinnairHelsinki
69%
Biman Bangladesh, Regent Airways, Scoot, Singapore Air, US-Bangla AirlinesDhaka
67%
Lufthansa, Singapore AirMunich
67%
Jetstar Asia, Scoot, SilkAir, Thai AirAsiaPhuket
64%
SaudiaRiyadh
64%
Scoot, Shenzhen Airline, SilkAirShenzhen
64%
Cebu Pacific, Philippines AirAsia, Scoot, SilkAirCebu
62%
Singapore AirWellington
62%
SilkAir, Xiamen AirXiamen
62%
Singapore AirAdelaide
61%
Emirates, Singapore Air, Silk Air, Sri Lankan AirColombo
61%
Garuda Indonesia, Indonesia AirAsia, Jetstar, Jetstar Asia, KLM, Scoot, SilkAir, Singapore AirDenpasar
60%
Jetstar Asia, Jetstar Pacific, Scoot, Singapore Air, VietJet, Vietnam AirHo Chi Minh City
60%
Air India, Air India Express, IndiGo, Scoot, SilkAir, Singapore AirChennai
59%
Singapore Air, Swiss AirZurich
59%
Singapore AirBarcelona
57%
Singapore AirMilan-Malpensa
57%
Air China, Sichuan Air, SilkAirChengdu
56%
Singapore AirChristchurch
56%
Jetstar Asia, Myanmar Airways International, Myanmar National Airlines, Scoot, SilkAir, Singapore AirYangon
56%
Saudia, ScootJeddah
55%
Druk Air, SilkAir, Singapore AirKolkata
55%
Ethiopian AirAddis Ababa
54%
SilkAirWuhan
54%
ScootAthens
53%
AirAsia, Jetstar Asia, Malindo Air, Scoot, SilkAirPenang
53%
JC Airlines, Jetstar Asia, SilkAirPhnom Penh
53%
ScootXi'an
53%
Scoot, Singapore AirSapporo
52%
Singapore AirCanberra
51%
Singapore AirJohannesburg
51%
China Airlines, Garuda Indonesia, Jetstar Asia, SilkAir, Singapore AirSurabaya
51%
Jetstar Asia, SilkAirDarwin
50%
Singapore AirNagoya-Centrair
50%
Singapore AirStockholm
50%
IndiGo, Jet Air, Scoot, SilkAir, Singapore AirBangalore
49%
SilkAir, West AirChongqing
49%
ScootMacau
49%
Singapore AirManchester
49%
Singapore AirCopenhagen
48%
Lao Airline, SilkAirVientiane
48%
Scoot, SilkAirHyderabad
47%
Singapore AirCape Town
46%
ScootTianjin
46%
Scoot, SilkAirChiang Mai
45%
Scoot, SilkAir, Singapore AirMale
44%
SilkAirKathmandu
42%
Air NiuginiPort Moresby
42%
Uzbekistan AirTashkent
42%
Singapore AirFukuoka
41%
Royal Brunei Air, SilkAir, Singapore AirBandar seri Begawan
40%
China Eastern, ScootNanjing
40%
Jetstar Asia, SilkAirDa Nang
39%
ScootGold Coast
39%
China Eastern, Hebei Airlines, Jetstar Asia, ScootHangzhou
39%
Indonesia AirAsia, SilkAirBandung
38%
Garuda Indonesia, Indonesia AirAsia, Jetstar Asia, SilkAirMedan
38%
Singapore AirAhmedabad
37%
ScootHarbin
35%
Singapore AirHouston-Intercontinental
34%
ScootHonolulu
33%
Fiji AirwaysNadi
33%
Jetstar AsiaNaha
33%
China Eastern, SilkAirKunming
32%
SilkAirCairns
31%
Cebu Pacific, SilkAirDavao
31%
China Airlines, ScootKaohsiung
31%
AirAsia, SilkAirKota Kinabalu
31%
ScootShenyang
31%
China Eastern, SilkAir, Xiamen AirFuzhou
30%
ScootQingdao
30%
Myanmar National Air, SilkAirMandalay
29%
Air MauritiusMauritius
29%
SilkAirDili
28%
SilkAirHiroshima
28%
Druk AirParo
28%
Indonesia AirAsia, SilkAirYogyakarta
28%
AirAsia, Malaysia Air, ScootKuching
27%
ScootDalian
26%
SilkAirChangsha
25%
Scoot, Thai AirAsiaKrabi
25%
ScootNanning
24%
ScootZhengzhou
24%
Singapore AirDusseldorf
23%
ScootJaipur
23%
AirAsia, ScootLangkawi
23%
SilkAirMakassar
23%
Jetstar Asia, SilkAirSiem Reap
22%
Bangkok Airways, SilkAirKoh Samui
21%
Jetstar Asia, ScootPalembang
21%
Cebu Pacific, Jetstar Asia, ScootClark
19%
Jetstar Asia, ScootHaikou
19%
Lao Air, SilkAirLuang Prabang
19%
Scoot, SilkAirKochi
17%
Firefly, ScootIpoh
16%
Indonesia AirAsia, SilkAirSemarang
16%
SilkAirLombok
15%
SilkAirBalikpapan
14%
ScootLucknow
14%
ScootNingbo
14%
SilkAirManado
13%
Jetstar AsiaShantou
13%
China Eastern, ScootWuxi
13%
ScootAmritsar
12%
AirAsia, Malaysia AirMiri
12%
Indoesnia AirAsiaPadang
12%
Jetstar Asia, SilkAirPekanbaru
12%
Jetstar Asia, ScootHat Yai
11%
Cebu PacificIloilo
11%
ScootJinan
11%
Air India ExpressMadurai
11%
Hebei AirlinesShijiazhuang
11%
Air India Express, SilkAirCoimbatore
10%
Jetstar AsiaGuiyang
10%
Firefly, ScootKuantan
8%
AirAsiaBintulu
6%
Scoot, SilkAirKalibo
6%
China Eastern, ScootQuanzhou
6%
Air India Express, SilkAirThiruvananthapuram
6%
SilkAirVisakhapatnam
5%
Air India Express, ScootTiruchirappalli
3%

Score Distribution

Percentile by Number Answered

Percent of People with Each Score

Your Score History

You have not taken this quiz since the last reset